000 00497nam a2200181Ia 4500
001 797
005 20260306140544.0
008 260306t1994||||xx |||||||||||||| ||spa||
041 _aESP
082 _a170
_bD39
100 _aDussel, Enrique (comp.)
_eAUT
245 0 _aDebate en torno a la ética del discurso de Apel :
_bdiálogo filosófico Norte-Sur desde América Latina
260 _c1994
300 _a312 páginas :
_c21 cm.
650 _aGEN
654 _aCHU
942 _cLIB
_dJUS
_fJUS
_2ddc
_n
999 _c797
_d797